LEADER 01051nam a2200217 i 4500 001 000000234534 003 CaOOAMICUS 005 20250826094746.0 008 141016s1762 it u000 u fre u 013 $a213437 026 $asees itn- urs. tifi (3) 1762 (R) 040 $aSeMil$bita 245 10$aTome 15. 300 $a[4], 376, [2], IV, 123, [1] p. 500 $aSegn.: ?² A-X12 Y6 500 $aA c. Q9r inizia con proprio front.: Justification sommaire de l'Histoire ecclesiastique de M. l'abbé Racine, contre l'ecrit intitulé, Lettre sur le nouvel Abregé de l'Histoire ecclesiastique par M. l'abbé Racine ... 773 0 $aRacine, Bonaventure$tAbrégé de l'histoire ecclésiastique, contenant les événemens considérables de chaque siécle avec des reflexions. Tome 1.[-15.].$dA Utrecht : Aux dépens de la Compagnie, 1748-1762.$g15$w()30712 850 $aSeMil 852 $aSeMil$W1$xVenegono$y1$m3A II 75 FA$j184880$B184880$CSeMilBibl$Z2$F195827 $8I 996 $6245$aTome 15$9(OLS)http://semarc/title/305910 LEADER 01058nam a2200241 4500 001 000000366796 003 CaOOAMICUS 005 20260309161544.0 008 260309s1860 it 000 u ita r 040 $aSeMil$bita 100 1 $aBosco, Giovanni,$c.$0(OLS)http://semarc/name/4287 245 10$aBiografia del sacerdote Giuseppe Caffasso [i.e. Cafasso] /$cesposta in due ragionamenti funebri dal sacerdote Bosco Giovanni. 264 1$aTorino :$bParavia,$c1860. 300 $a144 p. ;$c14 cm 600 14$aCafasso, Giuseppe .$0(OLS)http://semarc/subject/2590 850 $aSeMil 852 $aSeMil$W1$xVenegono$y1$m5C IX 1/8$j268179$B257573$CSeMilBibl$Z2$F257573 $8I 900 0 $aGiovanni : Bosco. 961 $aTimbro del Circolo della Gioventù Cattolica lecchese 996 $6245$aBiografia del sacerdote Giuseppe Caffasso [i.e. Cafasso]$9(OLS)http://semarc/title/458587 996 $6264$aTorino :$bParavia$9(OLS)http://semarc/publisher/30028